Statistics for Countries With The Most Cherries

Click here to take the quiz!

General Stats

  • This quiz has been taken 28 times
  • The average score is 10 of 15

Answer Stats

Yearly Production (Thousand Megatons)Country% Correct
33,900Canada
96%
450,000China
96%
383,000United States
96%
278,600Russia
89%
21,000Australia
85%
17,000Japan
85%
7,300Argentina
78%
918,000Turkey
74%
287,000Chile
70%
303,000Ukraine
63%
41,500Belarus
44%
54,200Syria
30%
228,700Uzbekistan
22%
147,200Serbia
19%
49,900Azerbaijan
15%

Score Distribution

Percentile by Number Answered

Percent of People with Each Score

Your Score History

You have not taken this quiz